October /

Gardado en:
Detalles Bibliográficos
Main Authors: Isherwood, Christopher (Author), Bachardy, Don (Author)
Formato: Libro
Idioma:inglés
Publicado: Los Angeles : Twelvetrees Press, 1981
Tags: Engadir etiqueta
Sen Etiquetas, Sexa o primeiro en etiquetar este rexistro!

MARC

LEADER 00000nam a22000007i 4500
001 IT\ICCU\UBO\2293722
003 ItRI
005 20260115232238.0
008 030916s1981 xxu|||||| ||||| |||||c
040 |b ita  |c importazione bologna sebina 
041 7 |a eng  |2 ISO-639-2 
100 1 |a Isherwood, Christopher  |0 IT\ICCU\CFIV\006762  |4 aut 
245 1 0 |a October /  |c written by Christopher Isherwood ; drawings by Don Bachardy. 
260 |a Los Angeles :  |b Twelvetrees Press,  |c 1981 
300 |a 85 p. :  |b ill. ;  |c 31 cm. 
700 1 |a Bachardy, Don  |0 IT\ICCU\RAVV\062352  |4 aut 
790 1 |a Isherwood, Christopher William Bradshaw  |3 IT\ICCU\SBNV\030185  |z Isherwood, Christopher 
942 |2 ddc  |c BK  |n 0 
952 |0 0  |1 0  |4 0  |6 DOC_828_914000000000000_ISH  |7 0  |9 22791  |a BO  |b BO  |d 2026-01-15  |i 3261  |l 0  |o DOC 828.914 ISH  |p BO3261  |r 2026-01-15 23:22:38  |w 2026-01-15  |x [Sebina 6] [1 v.]  |y BK  |z 1 v. 
999 |c 19455  |d 19455